[Event "Madrid-ch Superveteranos +65 2019"]
[Site "Madrid ESP"]
[Date "2019.01.28"]
[Round "6.6"]
[White "Cruz Gonzalez, Antonio"]
[Black "Corredor Gonzalez, Angel L."]
[Result "0-1"]
[WhiteElo "1790"]
[BlackElo "1709"]
[PlyCount "80"]
[EventDate "2019.01.21"]
[EventType "swiss"]
[EventRounds "7"]
[EventCountry "ESP"]
[SourceTitle "Ajedrez en Madrid"]
[Source "lmi"]
[SourceDate "2019.01.21"]
[SourceVersion "1"]
[SourceVersionDate "2019.01.30"]
[SourceQuality "1"]

1. g4 e5 2. d3 d5 3. h3 Bc5 4. Nf3 Nc6 5. Bg2 Nf6 6. Bg5 e4 7. dxe4 Bxf2+ 8.
Kf1 Bg3 9. exd5 Qxd5 10. Nc3 Qc5 11. e3 b6 12. Nd4 Ba6+ 13. Kg1 O-O-O 14. Bxc6
Qxg5 15. Qf3 Bd6 16. Re1 Bc5 17. Ncb5 Kb8 18. Qg3 Bd6 19. Nxd6 Rxd6 20. Rh2 Bc4
21. b3 Bd5 22. Bb5 Ne4 23. Qf4 Qh4 24. Nf3 Qe7 25. c4 Bb7 26. Nd4 Rf6 27. Nf5
Qb4 28. Rd1 g6 29. Rd7 Qe1+ 30. Kg2 Nc5+ 31. Rd5 Bxd5+ 32. cxd5 gxf5 33. Qe5
Ne4 34. Kf3 Rd8 35. Rc2 Qh1+ 36. Ke2 Qg2+ 37. Kd3 Qf1+ 38. Kd4 Qd1+ 39. Bd3
Qa1+ 40. Kc4 Qxe5 0-1

[Event "Madrid-ch Superveteranos +65 2019"]
[Site "Madrid ESP"]
[Date "2019.01.28"]
[Round "6.7"]
[White "Barahona Torrijos, Angel"]
[Black "Rodriguez Bachiller, Luis"]
[Result "1-0"]
[WhiteElo "1735"]
[BlackElo "1613"]
[PlyCount "67"]
[EventDate "2019.01.21"]
[EventType "swiss"]
[EventRounds "7"]
[EventCountry "ESP"]
[SourceTitle "Ajedrez en Madrid"]
[Source "lmi"]
[SourceDate "2019.01.21"]
[SourceVersion "1"]
[SourceVersionDate "2019.01.30"]
[SourceQuality "1"]

1. d4 e6 2. Nf3 Nf6 3. Bg5 Be7 4. Nbd2 d5 5. e3 O-O 6. Bd3 c5 7. c3 c4 8. Bb1
b5 9. Ne5 Bb7 10. O-O a5 11. a3 b4 12. axb4 axb4 13. Rxa8 Bxa8 14. cxb4 Bxb4
15. Qc2 g6 16. Qa4 Bxd2 17. Qxa8 Nbd7 18. Qxd8 Rxd8 19. Nxd7 Rxd7 20. Bxf6 Rb7
21. Bc2 Rxb2 22. Rb1 Rxb1+ 23. Bxb1 Kf8 24. Bc2 h6 25. Kf1 g5 26. Ke2 Bb4 27.
Kf3 Be7 28. Bxe7+ Kxe7 29. e4 f6 30. exd5 exd5 31. Kg4 Ke6 32. Bf5+ Kf7 33. Kh5
Kg7 34. g3 1-0

[Event "Madrid-ch Superveteranos +65 2019"]
[Site "Madrid ESP"]
[Date "2019.01.28"]
[Round "6.8"]
[White "Becerra Baigorri, Jose"]
[Black "Perez Cameselle, Francisco"]
[Result "0-1"]
[WhiteElo "1479"]
[BlackElo "1767"]
[PlyCount "138"]
[EventDate "2019.01.21"]
[EventType "swiss"]
[EventRounds "7"]
[EventCountry "ESP"]
[SourceTitle "Ajedrez en Madrid"]
[Source "lmi"]
[SourceDate "2019.01.21"]
[SourceVersion "1"]
[SourceVersionDate "2019.01.30"]
[SourceQuality "1"]

1. e4 g6 2. d4 Bg7 3. Nf3 d6 4. Bc4 Nf6 5. Nc3 O-O 6. O-O Nxe4 7. Nxe4 d5 8.
Ned2 dxc4 9. Nxc4 Qd5 10. Ne3 Qa5 11. c3 c6 12. Nc4 Qc7 13. Be3 Nd7 14. Qd2 b5
15. Na3 Nb6 16. Bh6 Be6 17. Bxg7 Kxg7 18. Rfe1 Bd5 19. Qe3 Rae8 20. b3 Nd7 21.
Nc2 Bxf3 22. Qxf3 e5 23. dxe5 Nxe5 24. Qg3 f5 25. Qf4 Re7 26. Rad1 Rfe8 27. h3
Qa5 28. Nb4 Qb6 29. Kf1 a5 30. Nc2 Qc5 31. Qd4 Qxd4 32. Rxd4 Nf7 33. Rxe7 Rxe7
34. c4 b4 35. f3 Kf6 36. Kf2 g5 37. g4 f4 38. Ne1 Ne5 39. Nd3 Nxd3+ 40. Rxd3
Ke5 41. Rd2 Ra7 42. Ke2 a4 43. bxa4 Rxa4 44. Kd1 Ra3 45. Ke2 Re3+ 46. Kf2 Rc3
47. Re2+ Kd4 48. Re4+ Kd3 49. c5 Rc2+ 50. Kf1 Rxc5 51. Rxb4 Rc1+ 52. Kf2 Rc2+
53. Kg1 Rxa2 54. Rb3+ Kc4 55. Rb7 c5 56. Rxh7 Kd3 57. h4 gxh4 58. g5 h3 59. g6
Rg2+ 60. Kf1 Rxg6 61. Rxh3 c4 62. Rh8 Rc6 63. Kf2 c3 64. Rd8+ Kc2 65. Rd4 Kb2
66. Rb4+ Kc1 67. Rxf4 c2 68. Rb4 Kd2 69. Rb2 Kd1 0-1

[Event "Madrid-ch Superveteranos +65 2019"]
[Site "Madrid ESP"]
[Date "2019.01.28"]
[Round "6.10"]
[White "Perez Gonzalez, Jesus Miguel"]
[Black "Salgado Duarte, Pablo"]
[Result "1-0"]
[WhiteElo "1668"]
[BlackElo "1480"]
[PlyCount "99"]
[EventDate "2019.01.21"]
[EventType "swiss"]
[EventRounds "7"]
[EventCountry "ESP"]
[SourceTitle "Ajedrez en Madrid"]
[Source "lmi"]
[SourceDate "2019.01.21"]
[SourceVersion "1"]
[SourceVersionDate "2019.01.30"]
[SourceQuality "1"]

1. e4 e5 2. Nf3 Nc6 3. Bc4 Be7 4. O-O Nf6 5. d3 d6 6. c3 O-O 7. h3 Bd7 8. Bb3
h6 9. Nh4 Na5 10. Ng6 Nxb3 11. Nxe7+ Qxe7 12. axb3 Nh7 13. f4 a6 14. f5 c6 15.
Qf3 Qf6 16. g4 Qh4 17. Kh2 Qf6 18. Qg3 d5 19. Nd2 Rfe8 20. Nf3 dxe4 21. dxe4 c5
22. h4 Bc6 23. g5 hxg5 24. hxg5 Qd6 25. g6 fxg6 26. fxg6 Nf8 27. Nh4 Bxe4 28.
Be3 Nxg6 29. Rad1 Qe6 30. Rg1 Kh7 31. Qg5 Qf6 32. Qh5+ Kg8 33. Nxg6 Bxg6 34.
Rxg6 Qf7 35. Rdg1 Re7 36. Qh6 Qf8 37. Bxc5 Rae8 38. Rxg7+ Qxg7 39. Rxg7+ Rxg7
40. Qd6 Rh7+ 41. Kg3 Rg7+ 42. Kf3 Rf7+ 43. Ke3 Rg7 44. Kd2 e4 45. Ke3 Kh7 46.
Bd4 Rge7 47. Qh2+ Kg6 48. Qg3+ Kf7 49. c4 Re6 50. Qg7# 1-0

[Event "Madrid-ch Superveteranos +65 2019"]
[Site "Madrid ESP"]
[Date "2019.01.28"]
[Round "6.11"]
[White "Perales Hernandez, Manuel"]
[Black "Tome Salvador, Jose Antonio"]
[Result "0-1"]
[WhiteElo "1333"]
[BlackElo "1610"]
[PlyCount "120"]
[EventDate "2019.01.21"]
[EventType "swiss"]
[EventRounds "7"]
[EventCountry "ESP"]
[SourceTitle "Ajedrez en Madrid"]
[Source "lmi"]
[SourceDate "2019.01.21"]
[SourceVersion "1"]
[SourceVersionDate "2019.01.30"]
[SourceQuality "1"]

1. e4 e5 2. Nf3 Nc6 3. Bc4 Bc5 4. c3 d6 5. h3 Nf6 6. d3 h6 7. O-O O-O 8. b4 Bb6
9. Nbd2 a6 10. Nb3 Ba7 11. b5 axb5 12. Bxb5 Bd7 13. Re1 Re8 14. Bb2 Nb8 15.
Bxd7 Nbxd7 16. Na5 Bxf2+ 17. Kxf2 Rxa5 18. Qb3 Nc5 19. Qc2 Qa8 20. a3 Qa6 21.
Rad1 Qb6 22. Kf1 Rea8 23. Nd2 Qa6 24. Kg1 Qxd3 25. Qc1 Qb5 26. Qc2 Nd3 27. Rf1
Nxb2 28. Rb1 Qc5+ 29. Kh1 Na4 30. Rb3 Rb5 31. Rf3 Nb6 32. Qc1 Rxb3 33. Nxb3
Qxa3 34. Qd1 Qa4 35. Qb1 Qxe4 36. Qf1 Nbd7 37. Nd2 Qd5 38. Nc4 e4 39. Ne3 Qd3
40. Rg3 Qxf1+ 41. Nxf1 Ra1 42. Kg1 Ne5 43. Kf2 Nd3+ 44. Ke3 Rxf1 45. h4 Re1+
46. Kd2 Nd5 47. c4 N5f4 48. Rg4 Re2+ 49. Kc3 Rxg2 50. Rxg2 Nxg2 51. Kd4 f5 52.
h5 c5+ 53. Kd5 e3 54. Kxd6 e2 55. Kd5 e1=Q 56. Kd6 Kf7 57. Kc7 Ke7 58. Kb8 Kd7
59. Ka7 Kc7 60. Ka8 Qa1# 0-1

[Event "Madrid-ch Superveteranos +65 2019"]
[Site "Madrid ESP"]
[Date "2019.01.28"]
[Round "6.12"]
[White "De Juan Rivas, Antonio"]
[Black "Ghavami, Mahmoud"]
[Result "0-1"]
[WhiteElo "1560"]
[BlackElo "1491"]
[PlyCount "112"]
[EventDate "2019.01.21"]
[EventType "swiss"]
[EventRounds "7"]
[EventCountry "ESP"]
[SourceTitle "Ajedrez en Madrid"]
[Source "lmi"]
[SourceDate "2019.01.21"]
[SourceVersion "1"]
[SourceVersionDate "2019.01.30"]
[SourceQuality "1"]

1. d4 d5 2. Nf3 Nf6 3. Bf4 Bf5 4. c4 c6 5. Nc3 e6 6. e3 h6 7. h3 Bd6 8. Ne5 O-O
9. Qb3 Qb6 10. c5 Qxb3 11. axb3 Be7 12. f3 Nh5 13. Bh2 Bh4+ 14. Kd2 f6 15. Nd3
Ng3 16. Rg1 Nd7 17. Bxg3 Bxg3 18. Ne2 Bh2 19. Rh1 Bc7 20. Nc3 a6 21. g4 Bg6 22.
Nf4 Bf7 23. Bd3 e5 24. Ng6 Rfe8 25. Bf5 Rad8 26. b4 Nf8 27. Nxf8 Kxf8 28. Ne2
Re7 29. Rhe1 e4 30. fxe4 g6 31. exd5 gxf5 32. dxc6 bxc6 33. Rxa6 fxg4 34. hxg4
Bd5 35. b5 cxb5 36. Rxf6+ Kg7 37. Ra6 Rde8 38. Nc3 Bf3 39. Nxb5 Bf4 40. Ra3
Bxg4 41. Rg1 Bxe3+ 42. Rxe3 Rxe3 43. Rxg4+ Kf6 44. Rg2 Rb3 45. Kd1 Rxb5 46. Kc2
h5 47. Kd3 h4 48. Kc4 Reb8 49. c6 Rh5 50. b4 h3 51. Rh2 Ke6 52. d5+ Kd6 53. b5
Rh4+ 54. Kd3 Rxb5 55. Rc2 Rxd5+ 56. Ke3 Kc7 0-1

[Event "Madrid-ch Superveteranos +65 2019"]
[Site "Madrid ESP"]
[Date "2019.01.28"]
[Round "6.14"]
[White "Arroyo Fraile, Mario"]
[Black "Abad Martin-Camuñas, Luis"]
[Result "0-1"]
[WhiteElo "1502"]
[BlackElo "1369"]
[PlyCount "100"]
[EventDate "2019.01.21"]
[EventType "swiss"]
[EventRounds "7"]
[EventCountry "ESP"]
[SourceTitle "Ajedrez en Madrid"]
[Source "lmi"]
[SourceDate "2019.01.21"]
[SourceVersion "1"]
[SourceVersionDate "2019.01.30"]
[SourceQuality "1"]

1. c4 e6 2. d4 Nf6 3. Nc3 Bb4 4. a3 Bxc3+ 5. bxc3 d5 6. cxd5 exd5 7. Nf3 h6 8.
e3 Nbd7 9. a4 a5 10. Ba3 Nb6 11. Nd2 Bd7 12. Bb2 O-O 13. Be2 Re8 14. O-O Bf5
15. c4 dxc4 16. Nxc4 Nxc4 17. Bxc4 Be6 18. Bd3 Bd5 19. Re1 Be4 20. f3 Bxd3 21.
Qxd3 Nd5 22. Ba3 b6 23. Rad1 Qd7 24. e4 Nf4 25. Qc4 c6 26. Bc1 Ne6 27. Be3 b5
28. axb5 cxb5 29. Qb3 b4 30. d5 Nc7 31. Rc1 Rec8 32. Rc2 Na6 33. Rec1 a4 34.
Rxc8+ Rxc8 35. Rxc8+ Qxc8 36. Qxa4 Qb7 37. d6 Nb8 38. e5 b3 39. Qa1 b2 40. Qb1
Qb4 41. Kf2 Qc3 42. f4 Kf8 43. g4 g6 44. h4 Nd7 45. h5 g5 46. Qh7 Ke8 47. Qe4
Qb3 48. Qb1 gxf4 49. Bxf4 Qa3 50. Qc2 Qc5+ 0-1

[Event "Madrid-ch Superveteranos +65 2019"]
[Site "Madrid ESP"]
[Date "2019.01.28"]
[Round "6.15"]
[White "Lopez Oneto, Manuel"]
[Black "Martin Rodriguez, Jose Luis"]
[Result "0-1"]
[WhiteElo "1563"]
[BlackElo "1285"]
[PlyCount "90"]
[EventDate "2019.01.21"]
[EventType "swiss"]
[EventRounds "7"]
[EventCountry "ESP"]
[SourceTitle "Ajedrez en Madrid"]
[Source "lmi"]
[SourceDate "2019.01.21"]
[SourceVersion "1"]
[SourceVersionDate "2019.01.30"]
[SourceQuality "1"]

1. e4 e6 2. d4 d5 3. Nd2 c5 4. exd5 Qxd5 5. dxc5 Bxc5 6. Qf3 Nf6 7. Bc4 Qxf3 8.
Ngxf3 O-O 9. Nb3 Bb6 10. O-O Nc6 11. c3 Bc7 12. Re1 b6 13. Bg5 Bb7 14. Rad1
Rad8 15. Nbd4 Nxd4 16. Nxd4 a5 17. Bb3 Bd5 18. Bxd5 Rxd5 19. Bxf6 gxf6 20. a4
Rfd8 21. Rb1 h5 22. h3 Kh7 23. Kf1 Rg8 24. Nb5 Bb8 25. Red1 Rgd8 26. Rxd5 Rxd5
27. Ke2 Kg6 28. Rd1 Rxd1 29. Kxd1 e5 30. b4 Kf5 31. bxa5 bxa5 32. Kc2 Ke4 33.
Kb3 Kd5 34. c4+ Kc5 35. Nc3 f5 36. f3 h4 37. Ne2 e4 38. fxe4 fxe4 39. Kc3 f5
40. Kb3 f4 41. Ng1 Be5 42. Ne2 f3 43. gxf3 exf3 44. Nc1 Kd4 45. c5 f2 0-1

[Event "Madrid-ch Superveteranos +65 2019"]
[Site "Madrid ESP"]
[Date "2019.01.28"]
[Round "6.16"]
[White "Fernandez-Bujarrabal V., Pedro"]
[Black "Diaz Begonte, Manuel"]
[Result "1-0"]
[WhiteElo "1502"]
[BlackElo "1552"]
[PlyCount "114"]
[EventDate "2019.01.21"]
[EventType "swiss"]
[EventRounds "7"]
[EventCountry "ESP"]
[SourceTitle "Ajedrez en Madrid"]
[Source "lmi"]
[SourceDate "2019.01.21"]
[SourceVersion "1"]
[SourceVersionDate "2019.01.30"]
[SourceQuality "1"]

1. e4 d5 2. exd5 Nf6 3. Nc3 Nxd5 4. Nxd5 Qxd5 5. Nf3 Bg4 6. d3 Bxf3 7. Qxf3
Qxf3 8. gxf3 g6 9. Bh3 Nc6 10. Be3 Bg7 11. c3 O-O 12. f4 e5 13. O-O-O exf4 14.
Bxf4 Ne5 15. d4 Nc4 16. Bxc7 f5 17. Bf4 b5 18. Rhe1 a5 19. b3 Na3 20. Bd6 b4
21. Bxf8 Bxf8 22. c4 a4 23. Bg2 Rc8 24. Bd5+ Kh8 25. Kb2 axb3 26. axb3 Rd8 27.
Re6 Nb5 28. Kc2 Nc3 29. Rd3 Bh6 30. Bc6 Kg7 31. d5 Bg5 32. c5 Ne4 33. Re8 Nxc5
34. Rxd8 Bxd8 35. Re3 Ne4 36. f3 Bb6 37. Re2 Nc3 38. Re7+ Kf6 39. Rxh7 Bc5 40.
h4 Ke5 41. Rd7 Ne2 42. Kd3 Nd4 43. Kc4 Bb6 44. Bb7 Nxf3 45. Re7+ Kf4 46. Re6
Bd8 47. Re8 Bxh4 48. d6 Ne5+ 49. Kd5 Nf7 50. d7 Nd8 51. Bc8 Kf3 52. Ke5 f4 53.
Rg8 Nf7+ 54. Kd4 g5 55. Bb7+ Kf2 56. Rf8 Nd8 57. Rxd8 g4 1-0

[Event "Madrid-ch Superveteranos +65 2019"]
[Site "Madrid ESP"]
[Date "2019.01.28"]
[Round "6.17"]
[White "Sanchez Lucena, Juan"]
[Black "Perez Ramos, Miguel Angel"]
[Result "1-0"]
[WhiteElo "1454"]
[BlackElo "1131"]
[PlyCount "104"]
[EventDate "2019.01.21"]
[EventType "swiss"]
[EventRounds "7"]
[EventCountry "ESP"]
[SourceTitle "Ajedrez en Madrid"]
[Source "lmi"]
[SourceDate "2019.01.21"]
[SourceVersion "1"]
[SourceVersionDate "2019.01.30"]
[SourceQuality "1"]

1. d4 d5 2. Nf3 e6 3. Bf4 Be7 4. a3 Nc6 5. e3 Nf6 6. h3 a6 7. Nbd2 b5 8. c3 h6
9. Be2 Bd6 10. Bh2 Qe7 11. Qc2 e5 12. dxe5 Nxe5 13. Nd4 Bd7 14. Nf5 Bxf5 15.
Qxf5 g6 16. Qc2 c6 17. Nf3 Nxf3+ 18. Bxf3 Bxh2 19. Rxh2 Qe5 20. Rh1 Rd8 21.
O-O-O O-O 22. Rhe1 Rfe8 23. g4 Ne4 24. Bxe4 Qxe4 25. Qe2 a5 26. Rd4 Qe6 27. Rf4
g5 28. Rf5 Rb8 29. Qd2 Qg6 30. f3 Re6 31. Qd4 h5 32. e4 Rbe8 33. Kc2 hxg4 34.
hxg4 Qh6 35. Kb3 R8e7 36. Qd2 dxe4 37. Rxe4 Rxe4 38. fxe4 Qe6+ 39. Kc2 Qxe4+
40. Qd3 Qg2+ 41. Kb3 a4+ 42. Ka2 f6 43. Rxf6 Qd5+ 44. Qxd5+ cxd5 45. Rg6+ Rg7
46. Rd6 Re7 47. Rxd5 Kf7 48. Rxg5 Kf6 49. Rxb5 Re4 50. Rb4 Re8 51. Rxa4 Kg5 52.
Rd4 Re2 1-0

[Event "Madrid-ch Superveteranos +65 2019"]
[Site "Madrid ESP"]
[Date "2019.01.29"]
[Round "7.1"]
[White "Martin-Consuegra Barrilero, Francisco Javier"]
[Black "Gonzalez Rivera, Eduardo"]
[Result "0-1"]
[WhiteElo "1775"]
[BlackElo "2025"]
[PlyCount "62"]
[EventDate "2019.01.21"]
[EventType "swiss"]
[EventRounds "7"]
[EventCountry "ESP"]
[SourceTitle "Ajedrez en Madrid"]
[Source "lmi"]
[SourceDate "2019.01.21"]
[SourceVersion "1"]
[SourceVersionDate "2019.01.30"]
[SourceQuality "1"]

1. d4 d5 2. Bf4 Nf6 3. e3 e6 4. Bd3 Bd6 5. Bg3 c5 6. c3 Qc7 7. Nf3 Nbd7 8. Nbd2
O-O 9. O-O b6 10. e4 Bxg3 11. hxg3 dxe4 12. Nxe4 Nxe4 13. Bxe4 Bb7 14. Qe2 Rfd8
15. Rfd1 Rac8 16. Bxb7 Qxb7 17. Ne5 Nxe5 18. dxe5 Rd5 19. c4 Qa6 20. Rxd5 exd5
21. e6 Qxc4 22. exf7+ Kxf7 23. Qh5+ Kg8 24. Re1 Rf8 25. Qe5 d4 26. b3 Qf7 27.
f3 h6 28. b4 cxb4 29. Qxd4 a5 30. Qxb6 Qxa2 31. Re5 Qa1+ 0-1

[Event "Madrid-ch Superveteranos +65 2019"]
[Site "Madrid ESP"]
[Date "2019.01.29"]
[Round "7.2"]
[White "Ciuro Muñoz, Ricardo"]
[Black "Pastor Alonso De Prado, Alberto"]
[Result "1/2-1/2"]
[WhiteElo "1994"]
[BlackElo "2147"]
[PlyCount "45"]
[EventDate "2019.01.21"]
[EventType "swiss"]
[EventRounds "7"]
[EventCountry "ESP"]
[SourceTitle "Ajedrez en Madrid"]
[Source "lmi"]
[SourceDate "2019.01.21"]
[SourceVersion "1"]
[SourceVersionDate "2019.01.30"]
[SourceQuality "1"]

1. e4 d6 2. d4 Nf6 3. Nc3 g6 4. f3 c6 5. Be3 b5 6. a3 Nbd7 7. d5 cxd5 8. Nxd5
a6 9. Nxf6+ Nxf6 10. c4 Bg7 11. cxb5 O-O 12. bxa6 Bxa6 13. Bxa6 Rxa6 14. Ne2
Qb8 15. Bd4 e5 16. Bc3 Rd8 17. Qd3 Qa7 18. Bxe5 d5 19. Nc3 Re6 20. Bg3 Nh5 21.
Rd1 Nxg3 22. hxg3 Rb8 23. Nxd5 1/2-1/2

[Event "Madrid-ch Superveteranos +65 2019"]
[Site "Madrid ESP"]
[Date "2019.01.29"]
[Round "7.3"]
[White "Guillen Marco, Jose Antonio"]
[Black "Barahona Torrijos, Angel"]
[Result "0-1"]
[WhiteElo "1919"]
[BlackElo "1735"]
[PlyCount "98"]
[EventDate "2019.01.21"]
[EventType "swiss"]
[EventRounds "7"]
[EventCountry "ESP"]
[SourceTitle "Ajedrez en Madrid"]
[Source "lmi"]
[SourceDate "2019.01.21"]
[SourceVersion "1"]
[SourceVersionDate "2019.01.30"]
[SourceQuality "1"]

1. e4 e5 2. Nf3 Nc6 3. Bc4 Nf6 4. Ng5 d5 5. exd5 b5 6. Bxb5 Qxd5 7. Nc3 Qxg2 8.
Qf3 Qxf3 9. Nxf3 Bd7 10. a3 e4 11. Ng5 Nd4 12. Bxd7+ Nxd7 13. Kd1 f5 14. Re1
Be7 15. d3 Bxg5 16. Bxg5 Nf3 17. Bf4 Nxe1 18. Kxe1 exd3 19. Kd2 O-O-O 20. Nd5
Nc5 21. Nc3 Rhe8 22. f3 Ne6 23. Be3 dxc2+ 24. Kxc2 Nd4+ 25. Bxd4 Rxd4 26. Rg1
g6 27. Rg2 c6 28. Rf2 g5 29. Ne2 Rc4+ 30. Kd3 Rc5 31. Nc3 Rce5 32. Kd4 Re3 33.
f4 g4 34. Rc2 Kd7 35. Rd2 Kc7 36. Rc2 Kd6 37. Rd2 c5+ 38. Kc4+ Kc6 39. b4 R8e4+
40. Nxe4 Rxe4+ 41. Kb3 c4+ 42. Kc3 Rxf4 43. a4 h5 44. Re2 h4 45. Re6+ Kd5 46.
Re7 g3 47. hxg3 hxg3 48. Rg7 Rg4 49. Rd7+ Ke4 0-1

[Event "Madrid-ch Superveteranos +65 2019"]
[Site "Madrid ESP"]
[Date "2019.01.29"]
[Round "7.4"]
[White "Corredor Gonzalez, Angel L."]
[Black "Rueda Maria, Ramiro"]
[Result "1/2-1/2"]
[WhiteElo "1709"]
[BlackElo "1819"]
[PlyCount "63"]
[EventDate "2019.01.21"]
[EventType "swiss"]
[EventRounds "7"]
[EventCountry "ESP"]
[SourceTitle "Ajedrez en Madrid"]
[Source "lmi"]
[SourceDate "2019.01.21"]
[SourceVersion "1"]
[SourceVersionDate "2019.01.30"]
[SourceQuality "1"]

1. e4 e5 2. Nf3 Nf6 3. Nxe5 Qe7 4. d4 d6 5. Nf3 Qxe4+ 6. Be2 Be7 7. Nc3 Qg4 8.
Ng5 Qd7 9. O-O O-O 10. Re1 d5 11. Bf3 c6 12. Bf4 Bd6 13. Be5 Qd8 14. Qd3 g6 15.
Ne2 Ng4 16. Bxg4 Bxg4 17. Qg3 Bxe5 18. Qxg4 Bf6 19. Nf3 Nd7 20. Nf4 Bg7 21. Ne5
Nf6 22. Qh3 Qd6 23. Nfd3 Rfe8 24. Re3 Re7 25. Rae1 Rae8 26. f4 Nd7 27. R1e2 f6
28. Nxd7 Rxe3 29. Rxe3 Rxe3 30. Nxf6+ Qxf6 31. Qxe3 Qxd4 32. Kf2 1/2-1/2

[Event "Madrid-ch Superveteranos +65 2019"]
[Site "Madrid ESP"]
[Date "2019.01.29"]
[Round "7.5"]
[White "Perez Cameselle, Francisco"]
[Black "Garcia Esteban, Ignacio"]
[Result "1/2-1/2"]
[WhiteElo "1767"]
[BlackElo "1807"]
[PlyCount "83"]
[EventDate "2019.01.21"]
[EventType "swiss"]
[EventRounds "7"]
[EventCountry "ESP"]
[SourceTitle "Ajedrez en Madrid"]
[Source "lmi"]
[SourceDate "2019.01.21"]
[SourceVersion "1"]
[SourceVersionDate "2019.01.30"]
[SourceQuality "1"]

1. Nf3 Nf6 2. g3 g6 3. Bg2 Bg7 4. O-O d5 5. c4 O-O 6. cxd5 Nxd5 7. Nc3 Nxc3 8.
bxc3 c6 9. Qb3 Nd7 10. Rb1 Nb6 11. d3 Nd5 12. Bd2 Nb6 13. c4 Re8 14. Ba5 Qd7
15. Bc3 e5 16. Nd2 Qe7 17. Ne4 Nd7 18. Bb4 c5 19. Ba3 f5 20. Nc3 e4 21. Nd5 Qd8
22. dxe4 fxe4 23. Bb2 Nb6 24. Bxg7 Nxd5 25. cxd5 Kxg7 26. Qc3+ Qf6 27. Qxc5 b6
28. Qc6 Qxc6 29. dxc6 Ba6 30. Rfe1 Rac8 31. Rbc1 Rc7 32. f3 Re6 33. fxe4 Rexc6
34. Rxc6 Rxc6 35. Rd1 Rc7 36. Kf2 Kf6 37. Ke3 Rc2 38. Rd2 Rxd2 39. Kxd2 Bc4 40.
a3 Ke5 41. Bf3 Bb5 42. Kc3 1/2-1/2

[Event "Madrid-ch Superveteranos +65 2019"]
[Site "Madrid ESP"]
[Date "2019.01.29"]
[Round "7.6"]
[White "Ortega Morales, Pedro"]
[Black "Perez Gonzalez, Jesus Miguel"]
[Result "0-1"]
[WhiteElo "1763"]
[BlackElo "1668"]
[PlyCount "74"]
[EventDate "2019.01.21"]
[EventType "swiss"]
[EventRounds "7"]
[EventCountry "ESP"]
[SourceTitle "Ajedrez en Madrid"]
[Source "lmi"]
[SourceDate "2019.01.21"]
[SourceVersion "1"]
[SourceVersionDate "2019.01.30"]
[SourceQuality "1"]

1. d4 Nf6 2. Bf4 e6 3. Nd2 c5 4. e3 cxd4 5. exd4 Nc6 6. c3 d5 7. Ngf3 Bd6 8.
Bg3 O-O 9. Bd3 Re8 10. Ne5 Ne7 11. f4 Nf5 12. Bf2 Nd7 13. g4 Ne7 14. Bxh7+ Kxh7
15. Nxf7 Qc7 16. g5 Bxf4 17. Qh5+ Kg8 18. g6 Nxg6 19. Qxg6 Re7 20. Bg3 Rxf7 21.
Kf2 e5 22. Bxf4 exf4 23. Rae1 Qd8 24. h4 Nf8 25. Qg2 Bf5 26. h5 Qd7 27. Rh4 Re8
28. Rxe8 Qxe8 29. Rxf4 Qe6 30. Qf3 Bc2 31. Nf1 Re7 32. Ne3 Be4 33. Qg3 Nh7 34.
h6 g5 35. Rh4 Bg6 36. Rh1 Kf7 37. Re1 Qe4 0-1

[Event "Madrid-ch Superveteranos +65 2019"]
[Site "Madrid ESP"]
[Date "2019.01.29"]
[Round "7.7"]
[White "Abad Martin-Camuñas, Luis"]
[Black "Cruz Gonzalez, Antonio"]
[Result "1-0"]
[WhiteElo "1369"]
[BlackElo "1790"]
[PlyCount "63"]
[EventDate "2019.01.21"]
[EventType "swiss"]
[EventRounds "7"]
[EventCountry "ESP"]
[SourceTitle "Ajedrez en Madrid"]
[Source "lmi"]
[SourceDate "2019.01.21"]
[SourceVersion "1"]
[SourceVersionDate "2019.01.30"]
[SourceQuality "1"]

1. d4 Nf6 2. Bf4 d6 3. e3 g6 4. Nf3 Bg7 5. Be2 O-O 6. O-O c6 7. Nbd2 Nbd7 8. e4
Ng4 9. h3 e5 10. Bg3 Nh6 11. dxe5 dxe5 12. Nc4 Qc7 13. Nd6 b5 14. c4 a6 15. Rc1
Rd8 16. cxb5 c5 17. Qd5 Nb6 18. Qxc5 Qxd6 19. Rfd1 Qf8 20. Qxb6 Rxd1+ 21. Rxd1
Be6 22. Bxe5 Bxe5 23. Nxe5 axb5 24. a3 Rb8 25. Qd4 f5 26. exf5 Nxf5 27. Qb4 Qe8
28. Ng4 Kf7 29. Qc3 Qe7 30. Ne5+ Kf8 31. Nc6 Rc8 32. Qh8+ 1-0

[Event "Madrid-ch Superveteranos +65 2019"]
[Site "Madrid ESP"]
[Date "2019.01.29"]
[Round "7.9"]
[White "Ghavami, Mahmoud"]
[Black "Martinez Rubio, Felipe"]
[Result "0-1"]
[WhiteElo "1491"]
[BlackElo "1704"]
[PlyCount "89"]
[EventDate "2019.01.21"]
[EventType "swiss"]
[EventRounds "7"]
[EventCountry "ESP"]
[SourceTitle "Ajedrez en Madrid"]
[Source "lmi"]
[SourceDate "2019.01.21"]
[SourceVersion "1"]
[SourceVersionDate "2019.01.30"]
[SourceQuality "1"]

1. d4 f5 2. c4 e6 3. Nf3 Nf6 4. Nc3 c6 5. e4 fxe4 6. Nxe4 Nxe4 7. a3 d5 8. c5
Be7 9. Ne5 O-O 10. f3 Nf6 11. Bd3 Nbd7 12. b4 Nxe5 13. dxe5 Nd7 14. f4 Rf7 15.
Qc2 Nf8 16. Be3 g6 17. O-O-O a5 18. g4 axb4 19. axb4 Rg7 20. Rdf1 Ra1+ 21. Kd2
Rxf1 22. Rxf1 d4 23. Bg1 b6 24. Qc4 bxc5 25. bxc5 Qa5+ 26. Ke2 Qxc5 27. Bxd4
Qxc4 28. Bxc4 Kh8 29. f5 gxf5 30. gxf5 Rf7 31. Rg1 Rxf5 32. Ra1 c5 33. Bc3 Bd7
34. Ra7 Kg7 35. Rxd7 Nxd7 36. Bxe6 Rxe5+ 37. Bxe5+ Nxe5 38. h3 Kf6 39. Bg8 h6
40. Ke3 c4 41. Kd4 Kf5 42. Bd5 Kf4 43. Be6 Bd8 44. Bd5 Ba5 45. Be6 0-1

[Event "Madrid-ch Superveteranos +65 2019"]
[Site "Madrid ESP"]
[Date "2019.01.29"]
[Round "7.10"]
[White "Mendez Rodriguez, Carlos"]
[Black "Fernandez-Bujarrabal V., Pedro"]
[Result "1-0"]
[WhiteElo "1558"]
[BlackElo "1502"]
[PlyCount "130"]
[EventDate "2019.01.21"]
[EventType "swiss"]
[EventRounds "7"]
[EventCountry "ESP"]
[SourceTitle "Ajedrez en Madrid"]
[Source "lmi"]
[SourceDate "2019.01.21"]
[SourceVersion "1"]
[SourceVersionDate "2019.01.30"]
[SourceQuality "1"]

1. Nf3 Nf6 2. c4 e6 3. g3 d5 4. Bg2 c6 5. b3 Be7 6. O-O O-O 7. d4 Nbd7 8. Bb2
b6 9. Nbd2 Bb7 10. Rc1 Rc8 11. Re1 Ne4 12. Nxe4 dxe4 13. Nd2 f5 14. e3 Qe8 15.
f3 exf3 16. Nxf3 Rc7 17. Rc2 Qa8 18. Rf1 Nf6 19. Ng5 Bc8 20. Qe2 h6 21. Nh3 g5
22. Nf2 Bb7 23. Nd3 c5 24. dxc5 Bxg2 25. Qxg2 Qxg2+ 26. Kxg2 bxc5 27. h3 Rd8
28. Nf2 Rcd7 29. Bc3 a6 30. Re1 Ne4 31. Nxe4 fxe4 32. Ree2 Rd3 33. Kf2 Rf8+ 34.
Kg2 Rf3 35. Be1 g4 36. h4 h5 37. Bf2 a5 38. Rcd2 Rf8 39. Rxd3 exd3 40. Rd2 Rd8
41. e4 Kf7 42. Be3 Kg6 43. Rf2 Rf8 44. Rxf8 Bxf8 45. Kf2 Kf6 46. Bf4 e5 47. Bd2
Ke6 48. Ke3 Bh6+ 49. Kxd3 Bxd2 50. Kxd2 Kd6 51. a3 Kc6 52. Kc3 Kb7 53. b4 axb4+
54. axb4 cxb4+ 55. Kxb4 Kb6 56. c5+ Kc6 57. Kc4 Kd7 58. Kd5 Kc7 59. Kxe5 Kc6
60. Kd4 Kc7 61. Kd5 Kd7 62. c6+ Kc7 63. e5 Kc8 64. Kd6 Kd8 65. c7+ Kc8 1-0